Investigación contable interdisciplinaria (Registro nro. 16982)

Detalles MARC
000 -LEADER
fixed length control field 00341 a2200109 4500
001 - CONTROL NUMBER
control field ART_40938
005 - DATE AND TIME OF LATEST TRANSACTION
control field 20260410161721.0
008 - FIXED-LENGTH DATA ELEMENTS--GENERAL INFORMATION
fixed length control field 260409a
100 1# - MAIN ENTRY--PERSONAL NAME
Personal name García Fronti, Inés M.
245 10 - TITLE STATEMENT
Title Investigación contable interdisciplinaria
773 0# - HOST ITEM ENTRY
Title Contabilidad y auditoría
Related parts - Año 21, Nº 42 (dic. 2015)
Record control number REV1723

No hay ítems disponibles.